On This Day: July 12th II Quiz Stats

 Plays Quiz Updated Jul 12, 2018

Score 0/7 Timer 03:00
0 Plays Today
Question Answer Wrong Answers
One day after being wounded in a duel with US Vice President Aaron Burr, this former Secretary of the Treasury dies in New York.
1804
Alexander Hamilton
91.9%
John Jay
2.2%
Thomas Paine
4.4%
Gouverneur Morris
1.6%
After an energizing grassroots campaign for the Democratic nomination, this Vermont senator endorses his rival Hillary Clinton in a New Hampshire speech.
2016
Bernie Sanders
90.3%
Martin O'Malley
1%
Joe Biden
6%
Christopher Dodd
0.9%
Nearly a month after the end of the Falklands War, Britain announces it will return the final 593 POWs to ______, its adversary in the conflict.
1982
Argentina
85.2%
Ireland
6.2%
Cuba
3.3%
Egypt
3.9%
This MLB pitcher, for whom the yearly award for best pitcher is named, wins his 300th game (he would eventually retire with a record 511 wins).
1901
Cy Young
83%
Walter Johnson
5.1%
Sandy Koufax
6.4%
Nolan Ryan
4.9%
The Chicago White Sox forfeit the second game of a doubleheader when fans storm the field to participate in what was supposed to be a humorous destruction of ______ records after the genreā€™s popularity had waned.
1979
disco
81.4%
country
5.8%
blues
3.5%
rock and roll
8.2%
Presidential candidate Walter Mondale names this New York congresswoman as his running mate on the Democratic ticket, making her the first female VP candidate for a major party in US history.
1984
Geraldine Ferraro
80.9%
Nancy Pelosi
8.8%
Sarah Palin
3.8%
Barbara Boxer
4.9%
This transcendentalist writer and naturalist, known for his attempt at simple, self-sufficient living at Walden Pond in Concord, MA, is born.
1817
Henry David Thoreau
66.5%
Ralph Waldo Emerson
17.4%
Walt Whitman
11.4%
Edgar Allan Poe
4.5%

You're not logged in!

Compare scores with friends on all Sporcle quizzes.
OR
Log In

Show Comments

Extras

Top Quizzes Today


Score Distribution

Your Account Isn't Verified!

In order to create a playlist on Sporcle, you need to verify the email address you used during registration. Go to your Sporcle Settings to finish the process.

Report this User

Report this user for behavior that violates our Community Guidelines.

Details: